Smart choice Teacher's Resource book 3

Shranjeno v:
Bibliografske podrobnosti
Glavni avtor: Wilson, Ken.
Drugi avtorji: Foye, Ken
Format: Knjiga
Izdano: Oxford Oxford Univ. Press 2007
Teme:
Oznake: Označite
Brez oznak, prvi označite!
Thư viện lưu trữ: Trung tâm Học liệu Lê Vũ Hùng, Trường Đại học Đồng Tháp
LEADER 00696pmm a22002058a 4500
001 00044157
005 20190422140457.0
008 111219s2007 ||||||Engsd
020 # # |c 0 
041 0 # |a Eng 
082 1 4 |a 428  |b SM110CH 
100 1 # |a Wilson, Ken. 
245 1 0 |h Nguồn liệu điện tử  |c Ken Wilson, Ken Foye  |a Smart choice  |b Teacher's Resource book 3 
260 # # |a Oxford  |c 2007  |b Oxford Univ. Press 
300 # # |a 1 CD  |b ill.  |c 43/4 inch  |e sách 
650 # 4 |a Tiếng Anh  |x Ngữ pháp 
653 # # |a Anh ngữ thực hành 
700 1 # |a Foye, Ken 
852 # # |j DPT.0004187  |j DPT.0004194 
980 # # |a Trung tâm Học liệu Lê Vũ Hùng, Trường Đại học Đồng Tháp